| 000 | 00404pam a2200169 a 4500 | ||
|---|---|---|---|
| 020 | _c | ||
| 041 | _h | ||
| 082 |
_a005.7585 _bDEL |
||
| 100 | _aDELANEY K. | ||
| 245 |
_aINSIDE MICROSOFT SQL SERVER 2000/ _hTextual Documents |
||
| 250 | _a05-08-2003. | ||
| 260 | _bWP PUBLISHER and DISTRIBUTED LTD. | ||
| 300 |
_aXXXV/1045 _e2 CD |
||
| 500 | _a6082 | ||
| 653 | _aPROGRAMMING LANGUAGE | ||
| 930 | _a5673 | ||
| 999 |
_c48898 _d48898 |
||